Popular Movies of the 90s - Statistics

General Stats
  • This quiz has been taken 617 times
  • The average score is 16 of 30
Answer Stats
Character Movie % Correct
Forrest Gump Forrest Gump
96%
Buzz Lightyear Toy Story
95%
Simba The Lion King
92%
Private Ryan Saving Private Ryan
90%
Edward Scissorhands Edward Scissorhands
88%
Kevin McCallister Home Alone
83%
Dr. Hannibal Lecter The Silence of the Lambs
83%
Belle Beauty and the Beast
77%
Neo The Matrix
77%
Oskar Schindler Schindler's List
72%
Peter Pan Hook
65%
Jack Dawson Titanic
65%
Cher Horowitz Clueless
58%
Tyler Durden Fight Club
55%
Agent J Men in Black
52%
William Wallace Braveheart
49%
Ethan Hunt Mission: Impossible
47%
Sidney Prescott Scream
44%
Mia Wallace Pulp Fiction
40%
Kat Stratford 10 Things I Hate About You
34%
Alan Grant Jurassic Park
34%
Annie Wilkes Misery
28%
Alan Parrish Jumanji
25%
Henry Hill Goodfellas
23%
Vivian Ward Pretty Woman
21%
Ellis Boyd Redding The Shawshank Redemption
20%
Laney Boggs She's All That
18%
Hallie Parker The Parent Trap
14%
Sue Ellen Crandell Don't Tell Mom the Babysitters Dead
7%
Rachel Marron The Bodyguard
7%
No matching quizzes found
Score Distribution
Percent of People with Each Score
Percentile by Number Answered
Your Score History
You have not taken this quiz